| 000 | 01829cam a2200325 i 4500 | ||
|---|---|---|---|
| 001 | 18274429 | ||
| 003 | NUST - PNEC | ||
| 005 | 20170116181159.0 | ||
| 008 | 140820s2015 flua b 001 0 eng | ||
| 010 | _a 2014033163 | ||
| 020 | _a9781498706681 (paperback) | ||
| 040 | _cLIBRARY | ||
| 042 | _apcc | ||
| 050 | 0 | 0 |
_aTA168 _b.C58 2015 |
| 082 | 0 | 0 |
_a620.001171 CLO _223 |
| 100 | 1 | _aCloutier, Robert. | |
| 245 | 1 | 0 |
_aSystems engineering simplified / _cRobert Cloutier, Clifton Baldwin, Mary Alice Bone. |
| 250 | _a- | ||
| 260 |
_aBoca Raton _bTaylor & Francis Group _cc.2015 |
||
| 300 |
_axv, 75 pages : _billustrations ; _c24 cm |
||
| 504 | _aIncludes bibliographical references and index. | ||
| 520 | _a"Systems engineering is about thinking - thinking about things in a systematic manner. It first addresses the question of "why are we doing this?" It then moves to understanding how the idea will be used in the current environment. Systems engineers also ask questions like "did we build the right thing? Does it do what the end user wants?" Without these answers, one runs the risk of producing the next product that the market does not want. Systems engineering is sometimes characterized as a new discipline since it often goes unidentified. But, in fact, many companies are practicing systems engineering. They just do these things under a different name"-- | ||
| 650 | 0 |
_aSystems engineering. _xME, IME |
|
| 700 | 1 | _aBaldwin, Clifton. | |
| 700 | 1 | _aBone, Mary Alice. | |
| 856 | _uhttp://www.amazon.com/Systems-Engineering-Simplified-Robert-Cloutier/dp/1498706681/ref=sr_1_1?ie=UTF8&qid=1454396450&sr=8-1&keywords=9781498706681 | ||
| 906 |
_a7 _bcbc _corignew _d1 _eecip _f20 _gy-gencatlg |
||
| 942 |
_2ddc _cBK |
||
| 999 |
_c71361 _d71361 |
||